00342pam a2200133 a 4500020001700000082001200017100002300029245002400052250001200076260003700088300003900125500002000164650002400184 a0070099340 :00a547 CAR1 aCarey, Francis A.,10aOrganic chemistry / a2nd ed. aNew York :bMcGraw-Hill,cc1992. axxx, 1274 p. :bill. (some col.) ; aIncludes index. 0aChemistry, Organic.